000 00891nam a22003017a 4500
001 27090
003 DO-SdBNP
005 20221107105747.0
007 27090
008 990514s1998 sp | | ||spa
020 _a8437616530
040 _aBPMSU
_bspa
_cBPMSU
082 4 _a861.08
_bV714 1998
_222
100 1 _aVillalón, Fernando
_d1881-1930
245 1 0 _aPoesías completas /
_cFernando Villalón ; edición de Jacques Issorel
260 _aMadrid :
_bCátedra,
_c1998
300 _a406 p. :
_c20 cm.
440 _v
490 0 _aLetras hispánicas
_v456
500 _3Incluye referencias bibliográficas y notas al pie de las páginas
590 _6Inventariado, 2022/VM
650 4 _aPoesía española.
650 4 _aLiteratura española
700 1 _aIssorel, Jacques
_d1941-
_4ed.
830 _pLetras hispánicas
_v450
910 _aVMateo V. Validado
942 _2ddc
_cBK
999 _c8774
_d8774